| 000 | 01165nam a2200253 i 4500 | ||
|---|---|---|---|
| 005 | 20251108191214.0 | ||
| 008 | 250906s2024 ti ||||gr|||| 00| 0 ara d | ||
| 020 | _a9789938206173 | ||
| 040 |
_aJO-AmGAM _erda |
||
| 082 | 1 | 4 |
_a343.09 _bش ا ك |
| 100 | 1 |
_aشاكر, يحيى _eمؤلف. |
|
| 245 | 1 | 0 |
_aإجراءات العقلة العقارية و التبتيت و معطلاتها : _bدراسة مفصلة على المستوى التشريعي في القانون التونسي الوضعي معززة بفقه القضاء والنظريات القانونية / |
| 246 | 1 | 0 | _aإجراءات العقلة العقارية، إجراءات التبتيت، معطلات العقلة والتبتيت. |
| 250 | _aالطبعة الثالثة. | ||
| 260 |
_bمجمع الأطرش لنشر الكتاب _c2024 |
||
| 264 | 3 | 1 |
_aتونس : _bمجمع الأطرش لنشر الكتاب، _c2024. |
| 300 | _a209 صفحة. | ||
| 336 |
_2rdacontent _aنص _btxt |
||
| 337 |
_2rdamedia _aدون وسيط عرض _bn |
||
| 338 |
_2rdacarrier _aمجلد _bnc |
||
| 650 | 1 | 7 | _aقانون المرافق العامة. |
| 942 |
_cBK _2ddc |
||
| 999 |
_c247069 _d247069 |
||